Դըմ-դըմ բերդը : (Record no. 87433)
[ view plain ]
| 000 -LEADER | |
|---|---|
| fixed length control field | 00730nam a2200181 a 4500 |
| 001 - CONTROL NUMBER | |
| control field | 000245325 |
| 003 - CONTROL NUMBER IDENTIFIER | |
| control field | AM-YeHGA |
| 005 - DATE AND TIME OF LATEST TRANSACTION | |
| control field | 20250618071637.0 |
| 008 - FIXED-LENGTH DATA ELEMENTS--GENERAL INFORMATION | |
| fixed length control field | 030710s1978 ai 000 | arm d |
| 040 ## - CATALOGING SOURCE | |
| Original cataloging agency | AM-YeHGA |
| 090 ## - LOCALLY ASSIGNED LC-TYPE CALL NUMBER (OCLC); LOCAL CALL NUMBER (RLIN) | |
| -- | 88718 |
| 245 10 - TITLE STATEMENT | |
| Title | Դըմ-դըմ բերդը : |
| Remainder of title | [Վեպ] / |
| Statement of responsibility, etc. | Ա. Շամիլով; Թարգմ.՝ Վ. Գրիգորյան; Խմբ.՝ Մ. Թերզյան. |
| 260 ## - PUBLICATION, DISTRIBUTION, ETC. | |
| Place of publication, distribution, etc. | Երևան : |
| Name of publisher, distributor, etc. | Սովետական գրող, |
| Date of publication, distribution, etc. | 1978. |
| 300 ## - PHYSICAL DESCRIPTION | |
| Extent | 218 էջ ; |
| Dimensions | 20 սմ. |
| 650 14 - SUBJECT ADDED ENTRY--TOPICAL TERM | |
| Topical term or geographic name entry element | Քրդական գրականություն |
| General subdivision | Վեպ |
| 700 1# - ADDED ENTRY--PERSONAL NAME | |
| Personal name | Գրիգորյան, Վահան Արմենակի, |
| Dates associated with a name | 1905-1989 |
| Relator term | թարգմ. |
| Relationship | trl |
| 9 (RLIN) | 1650 |
| 700 1# - ADDED ENTRY--PERSONAL NAME | |
| Personal name | Թերզյան, Մարգարիտ Սիմոնի, |
| Dates associated with a name | 1929- |
| Relator term | խմբ. |
| Relationship | edt |
| 9 (RLIN) | 2565 |
| Withdrawn status | Lost status | Damaged status | Not for loan | Collection | Home library | Current library | Date acquired | Total checkouts | Full call number | Barcode | Date last seen | Price effective from | Koha item type | Public note |
|---|---|---|---|---|---|---|---|---|---|---|---|---|---|---|
| General | Fundamental Scientific Library | Fundamental Scientific Library | 22/12/2016 | 891.57 | 220060894 | 22/12/2016 | 22/12/2016 | Գրքեր / Books | 30 Days Loan | |||||
| General | Fundamental Scientific Library | Fundamental Scientific Library | 22/12/2016 | 891.57 | 220061017 | 22/12/2016 | 22/12/2016 | Գրքեր / Books | 30 Days Loan | |||||
| General | Fundamental Scientific Library | Fundamental Scientific Library | 22/12/2016 | 891.57 | 220061498 | 22/12/2016 | 22/12/2016 | Գրքեր / Books | 30 Days Loan |
ՀՀ Գիտությունների ազգային ակադեմիայի հիմնարար գիտական գրադարան = Fundamental Scientific Library of NAS RA
All site content, except where otherwise noted, is licensed under a